| 000 | 01004nam0a22002651 4500 | ||
|---|---|---|---|
| 001 | rc\1094381 | ||
| 005 | 20041126173916.3 | ||
| 035 | _a(NLR Aleph) 006340714 | ||
| 090 |
_a7637066 _c7637066 |
||
| 100 | _a20041126d1984 u |0rusy50 ca | ||
| 101 | 0 | _arus | |
| 102 | _aRU | ||
| 105 | _ay ||||||||| | ||
| 200 | 1 | _aПути снижения материалоемкости продукции в легкой промышленности | |
| 210 |
_aКиев _cО-во "Знание" УССР _d1984 |
||
| 215 |
_a19 с. _d20 |
||
| 225 | 1 |
_aВ помощь лектору и специалисту _fО-во "Знание" УССР _iЭкономия и бережливость |
|
| 320 | _aБиблиогр.: с. 19 (6 назв.) | ||
| 700 | 1 |
_aПрокопенко _bИ. Н. _gИрина Николаевна |
|
| 701 | 1 |
_aПушкина _bР. Г. _gРегина Герасимовна |
|
| 801 | 0 |
_aRU _bNLR _gpsbo |
|
| 801 | 1 |
_aRU _bELAR _2rusmarc |
|
| 852 |
_aNLR _j84-4/29627 |
||
| 942 | _cBOOK | ||
| 980 | _aNB | ||